000 004240000a22001690004500
003 MACL
005 20160108160454.0
008 160108b xxu||||| |||| 00| 0 eng d
040 _aMACL
_cMACL
041 _aEnglish
082 _a824/HUX
100 _aHuxley, Aldous
_929973
245 _aOn the Margin
_bnotes and Essays
260 _bChatto & Windus
_c1948
_aLondon
650 _aEssays
_929974
942 _cBK
_k824/HUX
_2ddc
999 _c34696
_d34696